[Event "ROM-ch"]
[Site "Baile Olanesti"]
[Date "2010.02.04"]
[Round "6"]
[White "Tomici, Stefan"]
[Black "Taga, Georgica"]
[Result "0-1"]
[WhiteElo "1935"]
[BlackElo "2202"]
[PlyCount "88"]
[EventDate "2010.01.31"]
[EventType "swiss"]
[EventRounds "9"]
[EventCountry "ROU"]
[SourceTitle "CBM 134 Extra"]
[Source "ChessBase"]
[SourceDate "2010.03.03"]
[SourceVersion "1"]
[SourceVersionDate "2010.03.03"]
[SourceQuality "1"]

1. e4 c5 2. Nf3 d6 3. c3 Nf6 4. h3 Nc6 5. Bd3 e6 6. Bc2 Bd7 7. 0-0 Be7 8. d4 cxd4 9. cxd4 Nb4 10. Bb3 Nxe4 11. Qe1 d5 12. Nc3 Nxc3 13. bxc3 Nd3 14. Qe3 Nxc1 15. Raxc1 0-0 16. Ne5 Bb5 17. Rfe1 Rc8 18. a4 Bc6 19. f4 Bd6 20. Bc2 Bxe5 21. fxe5 Qd7 22. Qd3 g6 23. h4 Bxa4 24. Bxa4 Qxa4 25. Ra1 Qb3 26. Rec1 Qb6 27. Rcb1 Qc7 28. Rxa7 Qxc3 29. Qxc3 Rxc3 30. Raxb7 Rc4 31. Rd1 Rfc8 32. Rf1 R8c7 33. Rxc7 Rxc7 34. Rf2 Rc4 35. Rf4 h6 36. Kf2 Kg7 37. Rg4 f5 38. exf6+ Kxf6 39. Rf4+ Kg7 40. Rg4 h5 41. Rf4 e5 42. Rf3 Rxd4 43. g3 Rd2+ 44. Ke1 Ra2 0-1

[Event "Agneaux St Lo Seniors op"]
[Site "Agneaux"]
[Date "2004.07.10"]
[Round "3"]
[White "Taga, Georgica"]
[Black "Tihonov, Jurij"]
[Result "0-1"]
[WhiteElo "2220"]
[BlackElo "2447"]
[PlyCount "66"]
[EventDate "2004.07.08"]
[EventType "swiss"]
[EventRounds "9"]
[EventCountry "FRA"]
[SourceTitle "EXT 2005"]
[Source "ChessBase"]
[SourceDate "2004.11.15"]
[SourceVersion "1"]
[SourceVersionDate "2004.11.15"]
[SourceQuality "1"]

1. g4 d5 2. h3 h5 3. g5 e5 4. d3 Ne7 5. Bg2 Nbc6 6. Nf3 Ng6 7. a3 Bf5 8. Nc3 e4 9. Ng1 Nh4 10. Bf1 Bc5 11. Bf4 exd3 12. cxd3 0-0 13. e3 d4 14. Ne4 dxe3 15. fxe3 Bxe4 16. dxe4 Qe7 17. Qc2 Rad8 18. Rh2 Ne5 19. Be2 Neg6 20. Nf3 Nxf3+ 21. Bxf3 Nxf4 22. exf4 Be3 23. Bxh5 Bxf4 24. Rg2 Rd4 25. Bf3 Rfd8 26. Rd1 Rxd1+ 27. Bxd1 Bxg5 28. Kf1 Rd6 29. Rf2 Be3 30. Rf5 g6 31. Rf3 Qg5 32. Ke1 Rd2 33. Qc4 Qh4+ 0-1

[Event "Agneaux St Lo op"]
[Site "Agneaux"]
[Date "2003.07.12"]
[Round "4"]
[White "Helstroffer, Arnaud"]
[Black "Taga, Georgica"]
[Result "1/2-1/2"]
[WhiteElo "2158"]
[BlackElo "2223"]
[PlyCount "43"]
[EventDate "2003.07.09"]
[EventType "swiss"]
[EventRounds "9"]
[EventCountry "FRA"]
[SourceTitle "CBM 095 Extra"]
[Source "ChessBase"]
[SourceDate "2003.09.04"]
[SourceVersion "1"]
[SourceVersionDate "2003.09.04"]
[SourceQuality "1"]

1. e4 g5 2. d4 h6 3. Bc4 Bg7 4. h4 d5 5. exd5 g4 6. Nc3 Nf6 7. Bf4 a6 8. a4 Bf5 9. Nge2 Nbd7 10. Ng3 Bh7 11. Bd3 Nb6 12. Bxh7 Rxh7 13. Qd3 Nbxd5 14. Be5 Rh8 15. Nf5 Bf8 16. 0-0-0 Rg8 17. Rhe1 Qd7 18. Nxd5 Nxd5 19. c4 Nb4 20. Qb3 a5 21. Ne3 0-0-0 22. c5 1/2-1/2

[Event "Agneaux St Lo Masters"]
[Site "Agneaux"]
[Date "2002.07.09"]
[Round "1"]
[White "Taga, Georgica"]
[Black "Delorme, Laurie"]
[Result "1/2-1/2"]
[WhiteElo "2218"]
[BlackElo "2010"]
[PlyCount "118"]
[EventDate "2002.07.09"]
[EventType "tourn"]
[EventRounds "9"]
[EventCountry "FRA"]
[SourceTitle "EXT 2003"]
[Source "ChessBase"]
[SourceDate "2002.11.25"]
[SourceVersion "1"]
[SourceVersionDate "2002.11.25"]
[SourceQuality "1"]

1. g4 d5 2. h3 c6 3. Bg2 e6 4. d4 Be7 5. c4 Nf6 6. Nc3 0-0 7. Nf3 Nbd7 8. 0-0 dxc4 9. e4 c5 10. g5 Ne8 11. d5 e5 12. Be3 Nd6 13. a4 b6 14. Qd2 Rb8 15. Nh2 f6 16. gxf6 Nxf6 17. f4 Nd7 18. Bf3 Bf6 19. Ng4 exf4 20. Bxf4 Bd4+ 21. Kg2 Qe7 22. e5 Nxe5 23. Rae1 Nxf3 24. Rxf3 Qd8 25. Ne5 Nf5 26. Kh2 Rb7 27. Nc6 Qh4 28. Bg5 Qh5 29. Ref1 Rbf7 30. Qg2 h6 31. Be7 Nh4 32. Bxh4 Qxh4 33. Rxf7 Rxf7 34. Rxf7 Kxf7 35. Qf3+ Qf6 36. Qxf6+ Bxf6 37. Ne4 Bd7 38. Nd6+ Kg6 39. Nxc4 Kf5 40. Nxa7 Bxa4 41. Nxb6 Bb3 42. Nc6 Bxb2 43. Kg2 c4 44. d6 Bf6 45. d7 Ke4 46. d8Q Bxd8 47. Nxd8 c3 48. Nb7 Kd4 49. Na5 Bd1 50. Kf2 c2 51. Nb3+ Kc3 52. Nc1 Kb2 53. Nd3+ Kb1 54. Nc4 c1Q 55. Nxc1 Kxc1 56. h4 Bc2 57. Kg3 Bb3 58. Ne3 Be6 59. Kf4 g5+ 1/2-1/2